Dejiny sv. Angely z Merici a ňou založenej rehole sv. Uršule 1. sväzok, I. a II. diel

Podrobná bibliografia
Médium: Kniha
Jazyk:slovenčina
nemčina
Fyzický popis:481 s. 8°
Vydavateľské údaje: Trnava Kláštor sv. Uršuly 1942
Predmet:

MARC

LEADER 00000cam a2200000 a 4500
001 vtls008368105
003 SK-MaSNL
005 20260301075333.0
008 210623s1942 xo 000 0bslo
015 |a SNBA19421945-029/0462 
035 |a SK01SNKBKSD220010060322 
035 |a urn:nbn:sk:snk-am3i6sl 
035 |a DD467095-703D-4DBF-A096-620ADF80480D 
035 |a urn:nbn:sk:snk-am00dm4t 
035 |a SKM000062785 
040 |a SNK  |b slo  |c SNK  |e AACR2 
041 1 |a slo  |h ger 
044 |a xo  |c SK 
080 |a 271  |2 1981 
080 |a 929 Angela z Merici, svätá  |2 1981 
245 0 0 |a Dejiny sv. Angely z Merici a ňou založenej rehole sv. Uršule  |n 1. sväzok, I. a II. diel 
260 |a Trnava  |b Kláštor sv. Uršuly  |c 1942  |e Žilina  |f Kníhtlačiareň Andreja 
300 |a 481 s.  |c 8° 
500 |a Voľný preklad z nemeckej pôvodiny 
600 0 7 |a Angela Merici,  |c svätá,  |d 1474-1540  |2 SNKMA  |9 83296 
610 2 7 |a Uršulínky  |2 SNKKA  |9 32409 
650 0 7 |a svätice  |2 SNKPH  |9 75500 
650 0 7 |a ženské rehoľné spoločenstvá  |2 SNKPH  |9 252270 
655 7 |a biografie  |2 SNKPH  |9 27965 
958 |a ONDV 
958 |a RK 
958 |a TL 
999 |c 649869  |d 651799 
952 |a SNK  |b SNK  |y PREZ  |7 0  |p 17A0908140  |o snkSD 4983/1  |i snk1600/44  |0 0  |1 0  |4 0  |d 2018-07-02  |f 1  |l 0  |r 2025-11-12 00:00:00  |w 2026-02-23